Hiszpańscy kierowcy Formuły 1 (2000-teraz) - Statystyki

Ogólne statystyki
  • Ten quiz został rozwiązany 16 razy
  • Średni wynik to 3 z 6
Statystyki odpowiedzi
Kierowca % Poprawnych
Fernando Alonso
100%
Carlos Sainz
92%
Pedro de la Rosa
46%
Jaime Alguersuari
23%
Roberto Merhi
23%
Marc Gene
15%
Nie znaleziono quizów pasujących do podanych kryteriów
Rozkład punktacji
Procent ludzi z każdym wynikiem
Percentyl według liczby udzielonych odpowiedzi
Twoja historia wyników
Nie rozwiązałeś tego quizu